| 000 | 00671nam a2200229Ia 4500 | ||
|---|---|---|---|
| 005 | 20260429112313.0 | ||
| 008 | 260429s9999||||xx |||||||||||||| ||und|| | ||
| 020 | _a9789389974904 | ||
| 041 | _aEnglish | ||
| 082 |
_a543 _bPRA |
||
| 100 | _aPrasanth Kumar, B. R. | ||
| 245 | 0 |
_aMicrowave assisted chemistry experiments : _borganic synthesis, chemical analysis and extraction / _cB. R. Prasanth Kumar |
|
| 250 | _a1st ed. | ||
| 260 |
_aHyderabad : _bPharmaMed Press, _c2026. |
||
| 300 | _axii, 236 p.; hb | ||
| 650 | _a Experiments | ||
| 650 | _a Microwave | ||
| 650 | _aChemistry | ||
| 700 | _a Durai Ananda Kumar, T. | ||
| 700 | _a Swathi, n. | ||
| 942 | _cTB | ||
| 999 |
_c53391 _d53391 |
||